| 000 | 00473nam a2200169 a 4500 | ||
|---|---|---|---|
| 001 | 1618 | ||
| 005 | 20140414131919.0 | ||
| 008 | 001110s19uu xx 00 eng d | ||
| 020 | _a0-7105-0333-4 | ||
| 050 |
_aER _bM58 |
||
| 100 | _aPatience, John | ||
| 245 |
_aMidsummer banquet, The / _cwritten and illustrated by John Patience. |
||
| 260 |
_aBridlington : _bPeter Haddocl, _c[n.d.] |
||
| 300 | _a1 v. p. : ill. ; cm. | ||
| 650 | _aAnimals - Stories. | ||
| 999 |
_c111652 _d111652 |
||